<?xml version="1.0" encoding="UTF-8"?>
<record
    xmlns:xsi="http://www.w3.org/2001/XMLSchema-instance"
    xsi:schemaLocation="http://www.loc.gov/MARC21/slim http://www.loc.gov/standards/marcxml/schema/MARC21slim.xsd"
    xmlns="http://www.loc.gov/MARC21/slim">

  <leader>03859cam a2200361 i 4500</leader>
  <controlfield tag="001">a19821207</controlfield>
  <controlfield tag="003">SIRSI</controlfield>
  <controlfield tag="005">20260515114409.0</controlfield>
  <controlfield tag="008">161025t20172017nyua     b    001 0 eng  </controlfield>
  <datafield tag="010" ind1=" " ind2=" ">
    <subfield code="a">  2016032175</subfield>
  </datafield>
  <datafield tag="020" ind1=" " ind2=" ">
    <subfield code="a">9780415858861</subfield>
    <subfield code="q">hardcover</subfield>
  </datafield>
  <datafield tag="020" ind1=" " ind2=" ">
    <subfield code="a">0415858860</subfield>
    <subfield code="q">hardcover</subfield>
  </datafield>
  <datafield tag="020" ind1=" " ind2=" ">
    <subfield code="a">9780415858878</subfield>
    <subfield code="q">paperback</subfield>
  </datafield>
  <datafield tag="020" ind1=" " ind2=" ">
    <subfield code="a">0415858879</subfield>
    <subfield code="q">paperback</subfield>
  </datafield>
  <datafield tag="035" ind1=" " ind2=" ">
    <subfield code="a">(OCoLC)961266407</subfield>
  </datafield>
  <datafield tag="040" ind1=" " ind2=" ">
    <subfield code="a">DLC</subfield>
    <subfield code="b">eng</subfield>
    <subfield code="e">rda</subfield>
    <subfield code="c">DLC</subfield>
    <subfield code="d">OCLCO</subfield>
    <subfield code="d">VKC</subfield>
    <subfield code="d">YDX</subfield>
    <subfield code="d">YDX</subfield>
    <subfield code="d">OCLCO</subfield>
    <subfield code="d">NhCcYME</subfield>
    <subfield code="d">UtOrBLW</subfield>
  </datafield>
  <datafield tag="041" ind1=" " ind2=" ">
    <subfield code="a">English</subfield>
  </datafield>
  <datafield tag="042" ind1=" " ind2=" ">
    <subfield code="a">pcc</subfield>
  </datafield>
  <datafield tag="049" ind1=" " ind2=" ">
    <subfield code="a">UPMM</subfield>
  </datafield>
  <datafield tag="050" ind1="0" ind2="0">
    <subfield code="a">HD9993.E452</subfield>
    <subfield code="b">K47 2017</subfield>
  </datafield>
  <datafield tag="100" ind1=" " ind2=" ">
    <subfield code="a">Kerr, Aphra,</subfield>
    <subfield code="e">author.</subfield>
    <subfield code="0">http://id.loc.gov/authorities/names/nb97064356</subfield>
    <subfield code="9">27094</subfield>
  </datafield>
  <datafield tag="245" ind1="1" ind2="0">
    <subfield code="a">Global games </subfield>
    <subfield code="b">: production, circulation and policy in the networked era </subfield>
    <subfield code="c">/ Aphra Kerr.</subfield>
  </datafield>
  <datafield tag="264" ind1=" " ind2="1">
    <subfield code="a">New York, NY :</subfield>
    <subfield code="b">Routledge,</subfield>
    <subfield code="c">2017.</subfield>
  </datafield>
  <datafield tag="264" ind1=" " ind2="4">
    <subfield code="c">&#xA9;2017</subfield>
  </datafield>
  <datafield tag="300" ind1=" " ind2=" ">
    <subfield code="a">xii, 228 pages :</subfield>
    <subfield code="b">illustrations ;</subfield>
    <subfield code="c">24 cm</subfield>
  </datafield>
  <datafield tag="336" ind1=" " ind2=" ">
    <subfield code="a">text</subfield>
    <subfield code="b">txt</subfield>
    <subfield code="2">rdacontent</subfield>
  </datafield>
  <datafield tag="505" ind1="0" ind2=" ">
    <subfield code="a">Machine generated contents note: Introduction &#x2014; Digital Games as a Cultural Industry &#x2014; Going Global &#x2014; Production &#x2014; Circulation &#x2014; Going Local &#x2014; Going Global? The Value, Structure and Geography of the Digital Games Industry &#x2014; The Value of the Digital Games Industry &#x2014; The Structure of the Digital Games Industry in the Networked Era &#x2014; Key Trends in the Digital Games Industry, 2006&#x2013;2016 &#x2014; The Changing Geography of the Digital Games Industry &#x2014; Summary &#x2014; Production: Changing Production Logics, Organisations and Work/ers &#x2014; Production Logics in the Cultural Industries &#x2014; Production Logics in the Digital Games Industry &#x2014; Transnational Cultural Production Networks and Lifecycles &#x2014; Workers, Work and Labour in Digital Games Production &#x2014; Summary &#x2014; Circulation: Monitoring, Measuring and Adapting to Transnational Markets &#x2014; Design and Metrics &#x2014; Marketing and Metrics &#x2014; Community Management &#x2014; Localisation and Culturalisation &#x2014; Player-Generated Content &#x2014; Summary &#x2014; Going Local: Space, Place and Policy for Global Games Production &#x2014; Regional and National Institutions and Policies for Game Development &#x2014; Cities, Clusters and Policies for Game Development &#x2014; From Collectives to Communities of Practice &#x2014; Legislative and Regulatory Institutions and Concerns &#x2014; Summary &#x2014; Conclusion &#x2014; Digital Games as Cultural and Creative Industry &#x2014; Networked Technology, Organisations and Individuals &#x2014; Production Logics, Circulation and Work in the Digital Games Industry &#x2014; Globality, Transnationalism and Spatialisation &#x2014; Final Thoughts.</subfield>
  </datafield>
  <datafield tag="520" ind1=" " ind2=" ">
    <subfield code="a">In the last decade our mobile phones have been infiltrated by angry birds, our computers by leagues of legends and our social networks by pleas for help down on the farm. As digital games have become networked, mobile and casual they have become a pervasive cultural form. Based on original empirical work, including interviews with workers, virtual ethnographies in online games and analysis of industry related documents, Global Games provides a political, economic and sociological analysis of the growth and restructuring of the digital games industry over the past decade. Situating the games industry as both cultural and creative and examining the relative growth of console, PC, online and mobile, Aphra Kerr analyses the core production logics in the industry, and the expansion of circulation processes as game services have developed. In an industry dominated by North American and Japanese companies, Kerr explores the recent success of companies from China and Europe, and the emergent spatial politics as countries, cities, companies and communities compete to reshape digital games in the networked age.</subfield>
  </datafield>
  <datafield tag="650" ind1=" " ind2="0">
    <subfield code="a">Video games industry</subfield>
    <subfield code="9">27087</subfield>
  </datafield>
  <datafield tag="650" ind1=" " ind2="0">
    <subfield code="a">Video Games &#x2014;Economic aspects.</subfield>
    <subfield code="9">27092</subfield>
  </datafield>
  <datafield tag="650" ind1=" " ind2="0">
    <subfield code="a">Video games &#x2014; Social aspects</subfield>
    <subfield code="9">27095</subfield>
  </datafield>
  <datafield tag="942" ind1=" " ind2=" ">
    <subfield code="2">lcc</subfield>
  </datafield>
  <datafield tag="952" ind1=" " ind2=" ">
    <subfield code="0">0</subfield>
    <subfield code="1">0</subfield>
    <subfield code="2">lcc</subfield>
    <subfield code="4">0</subfield>
    <subfield code="7">0</subfield>
    <subfield code="a">TBS</subfield>
    <subfield code="b">TBS</subfield>
    <subfield code="d">2026-05-15</subfield>
    <subfield code="l">0</subfield>
    <subfield code="o">HD9993.E452 KER</subfield>
    <subfield code="r">2026-05-15</subfield>
    <subfield code="t">1</subfield>
    <subfield code="w">2026-05-15</subfield>
    <subfield code="y">1</subfield>
    <subfield code="z">SOON AVAILABLE</subfield>
  </datafield>
  <datafield tag="999" ind1=" " ind2=" ">
    <subfield code="c">5470</subfield>
    <subfield code="d">5470</subfield>
  </datafield>
</record>
